000 00243nam a2200097Ia 4500
001 1169980
005 20250827012511.0
008 250824s9999 xx 000 0 und d
245 0 _aZURAFA BERBERİ ARANIYOR
_cCANSU ERKAN
260 _bHEP KİTAP
999 _c1169980
_d1169980